<?xml version="1.0" encoding="UTF-8"?>
<record
    xmlns:xsi="http://www.w3.org/2001/XMLSchema-instance"
    xsi:schemaLocation="http://www.loc.gov/MARC21/slim http://www.loc.gov/standards/marcxml/schema/MARC21slim.xsd"
    xmlns="http://www.loc.gov/MARC21/slim">

  <leader>04165cam a2200481Ka 4500</leader>
  <controlfield tag="001">ocn646863718</controlfield>
  <controlfield tag="003">OCoLC</controlfield>
  <controlfield tag="005">20210303085422.0</controlfield>
  <controlfield tag="006">m        d        </controlfield>
  <controlfield tag="007">cr un|||||||||</controlfield>
  <controlfield tag="008">100712s2001    ne a    ob    000 0 eng d</controlfield>
  <datafield tag="020" ind1=" " ind2=" ">
    <subfield code="a">9781849501101 (electronic bk.) :</subfield>
    <subfield code="c">&#xA3;72.95 ; &#x20AC; 106.95 ; $135.95</subfield>
  </datafield>
  <datafield tag="020" ind1=" " ind2=" ">
    <subfield code="a">1849501106 (electronic bk.) :</subfield>
    <subfield code="c">&#xA3;72.95 ; &#x20AC; 106.95 ; $135.95</subfield>
  </datafield>
  <datafield tag="020" ind1=" " ind2=" ">
    <subfield code="z">0762307951 (hbk.)</subfield>
  </datafield>
  <datafield tag="020" ind1=" " ind2=" ">
    <subfield code="z">9780762307951 (hbk.)</subfield>
  </datafield>
  <datafield tag="040" ind1=" " ind2=" ">
    <subfield code="a">ZJC</subfield>
    <subfield code="b">eng</subfield>
    <subfield code="c">ZJC</subfield>
    <subfield code="d">ZJC</subfield>
  </datafield>
  <datafield tag="050" ind1="1" ind2="4">
    <subfield code="a">HD62.4</subfield>
    <subfield code="b">.R43 2001</subfield>
  </datafield>
  <datafield tag="072" ind1=" " ind2="7">
    <subfield code="a">KJK</subfield>
    <subfield code="2">bicssc</subfield>
  </datafield>
  <datafield tag="072" ind1=" " ind2="7">
    <subfield code="a">JFFS</subfield>
    <subfield code="2">bicssc</subfield>
  </datafield>
  <datafield tag="072" ind1=" " ind2="7">
    <subfield code="a">BUS035000</subfield>
    <subfield code="2">bisacsh</subfield>
  </datafield>
  <datafield tag="080" ind1=" " ind2=" ">
    <subfield code="a">339.5</subfield>
  </datafield>
  <datafield tag="082" ind1="0" ind2="4">
    <subfield code="a">658/.049</subfield>
    <subfield code="2">22</subfield>
  </datafield>
  <datafield tag="245" ind1="0" ind2="0">
    <subfield code="a">Reassessing the internationalization of the firm</subfield>
    <subfield code="h">[electronic resource] /</subfield>
    <subfield code="c">edited by Catherine N. Axinn, Paul Matthyssens.</subfield>
  </datafield>
  <datafield tag="260" ind1=" " ind2=" ">
    <subfield code="a">Amsterdam ;</subfield>
    <subfield code="a">New York :</subfield>
    <subfield code="b">JAI,</subfield>
    <subfield code="c">2001.</subfield>
  </datafield>
  <datafield tag="300" ind1=" " ind2=" ">
    <subfield code="a">1 online resource (ix, 275 p. :</subfield>
    <subfield code="b">ill.)</subfield>
  </datafield>
  <datafield tag="490" ind1="1" ind2=" ">
    <subfield code="a">Advances in international marketing,</subfield>
    <subfield code="x">1474-7979 ;</subfield>
    <subfield code="v">v. 11</subfield>
  </datafield>
  <datafield tag="504" ind1=" " ind2=" ">
    <subfield code="a">Includes bibliographical references.</subfield>
  </datafield>
  <datafield tag="505" ind1="0" ind2=" ">
    <subfield code="a">Preface / S. Tamer Cavusgil -- Reframing internationalization theory: an introduction / Catherine N. Axinn, Paul Matthyssens -- Internationalization and the multinational enterprise: development of a research tradition / Christine J. Weisfelder -- Conceptual frameworks on SMEs' internationalization: past, present and future trends of research / Alex Rialp, Josep Rialp -- Patterns of internationalization of Brazilian firms and the decision to establish subsidiaries abroad / Antonio Barretto, Angela da Rocha -- Market entry and international technology transfer: a case analysis of ten U.S. high-tech firms in China and Southeast Asia / Roger (Rongxin) Chen, Mark V. Cannice, John D. Daniels -- Internationalization reconsidered: new imperatives for successful growth / Philip M. Rosenzweig, Janet L. Shaner -- Firm internationalization and economic performance: a conceptual synthesis and an empirical assessment of the Chinese experience / Mingfang Li -- A generation perspective on small firm internationalization: from traditional exporters and flexible specialists to born globals / Arild Aspelund, &#xD8;ystein Moen -- The internationalization of industrial purchasing: the example of small Danish manufacturers / Per Servais, Jan Moller Jensen -- Toward a (more) dynamic theory of internationalization: international market withdrawal as empirical extreme / Pieter Pauwels, Paul Matthyssens.</subfield>
  </datafield>
  <datafield tag="520" ind1=" " ind2=" ">
    <subfield code="a">As the international behaviour of firms changes, so too must the theories used to describe, explain and predict that behaviour change. This volume is conceived as an exploration of the evolving nature of internationalization in the context of shifting environmental forces in an effort to: highlight the nature of firms' changing behaviours; explore the potential reasons for those changes; and propose new perspectives from which a more contemporary theory of internationalization can be developed. The papers in this volume examine the internationalization behaviour of a wide range of firms, from MNCs to SMEs, including firms from both developed and emerging economies. Consideration is given to the rapid internationalization of "born global" firms, to inward as well as outward internationalization and to the dynamic nature of internationalization at the beginning of the 21st century.</subfield>
  </datafield>
  <datafield tag="588" ind1=" " ind2=" ">
    <subfield code="a">Description based on print version record.</subfield>
  </datafield>
  <datafield tag="650" ind1=" " ind2="0">
    <subfield code="a">International business enterprises</subfield>
    <subfield code="x">Management.</subfield>
  </datafield>
  <datafield tag="650" ind1=" " ind2="0">
    <subfield code="a">Export marketing.</subfield>
  </datafield>
  <datafield tag="650" ind1=" " ind2="0">
    <subfield code="a">Competition, International.</subfield>
  </datafield>
  <datafield tag="650" ind1=" " ind2="7">
    <subfield code="a">International business.</subfield>
    <subfield code="2">bicssc</subfield>
  </datafield>
  <datafield tag="650" ind1=" " ind2="7">
    <subfield code="a">Globalization.</subfield>
    <subfield code="2">bicssc</subfield>
  </datafield>
  <datafield tag="650" ind1=" " ind2="7">
    <subfield code="a">Business &amp; Economics</subfield>
    <subfield code="x">International</subfield>
    <subfield code="x">General.</subfield>
    <subfield code="2">bisacsh</subfield>
  </datafield>
  <datafield tag="700" ind1="1" ind2=" ">
    <subfield code="a">Axinn, Catherine Nancy.</subfield>
  </datafield>
  <datafield tag="700" ind1="1" ind2=" ">
    <subfield code="a">Matthyssens, Paul.</subfield>
  </datafield>
  <datafield tag="776" ind1="0" ind2="8">
    <subfield code="i">Print version:</subfield>
    <subfield code="t">Reassessing the internationalization of the firm.</subfield>
    <subfield code="b">1st ed.</subfield>
    <subfield code="d">Amsterdam ; New York : JAI, 2001</subfield>
    <subfield code="z">0762307951</subfield>
    <subfield code="w">(DLC)  2001041348</subfield>
    <subfield code="w">(OCoLC)47140796</subfield>
  </datafield>
  <datafield tag="830" ind1=" " ind2="0">
    <subfield code="a">Advances in international marketing ;</subfield>
    <subfield code="v">v. 11.</subfield>
  </datafield>
  <datafield tag="856" ind1="4" ind2="0">
    <subfield code="u">https://www.emerald.com/insight/publication/doi/10.1016/S1474-7979(2001)11</subfield>
  </datafield>
  <datafield tag="913" ind1=" " ind2=" ">
    <subfield code="1">BMEbacklist</subfield>
  </datafield>
  <datafield tag="999" ind1=" " ind2=" ">
    <subfield code="c">32095</subfield>
    <subfield code="d">32095</subfield>
  </datafield>
  <datafield tag="952" ind1=" " ind2=" ">
    <subfield code="0">0</subfield>
    <subfield code="1">0</subfield>
    <subfield code="2">lcc</subfield>
    <subfield code="4">0</subfield>
    <subfield code="7">0</subfield>
    <subfield code="a">DL</subfield>
    <subfield code="b">DL</subfield>
    <subfield code="c">OA</subfield>
    <subfield code="d">2021-03-03</subfield>
    <subfield code="l">0</subfield>
    <subfield code="o">HD62.4 .R43 2001</subfield>
    <subfield code="r">2021-03-03</subfield>
    <subfield code="u">https://www.emerald.com/insight/publication/doi/10.1016/S1474-7979(2001)11</subfield>
    <subfield code="w">2021-03-03</subfield>
    <subfield code="y">EBOOK</subfield>
  </datafield>
</record>
